| 000 | 01799nam a22003617a 4500 | ||
|---|---|---|---|
| 001 | 114018 | ||
| 003 | DR-UNIBE | ||
| 005 | 20260526062559.0 | ||
| 008 | 250806b2025 dr ||||| |||| 00| 1 spa d | ||
| 020 | _a9789945245981 | ||
| 040 |
_aBIBLIOTECA UNIBE _bspa _cBIBLIOTECA UNIBE _erda |
||
| 041 | _aspa | ||
| 090 | _aFBIU-L-CI-SA236C | ||
| 100 | 1 | 0 |
_aSantis, Géraldine de, _d1980- _953457 _eautor |
| 245 | 1 | 0 |
_aCuentos para atreverse / _cGeraldine de Santis; ilustraciones: Ruddy Núñez ; dirección editorial: Claudia Llibre; dirección de arte y producción: Moisés Kelly Santana ; Subdirección de arte: Lilian Salcedo Fernández; edición: Jorge Luis Zamora; corrección de estilo: Mirtha González Gutiérrez; diagramación: Ana Gómez Otaño; prólogo: Virginia Read Escobal |
| 250 | _aPrimera edición | ||
| 260 |
_aSanto Domingo: _bLoqueleo : _bSantillana, _c2011 |
||
| 300 |
_a78 páginas : _b ilustraciones a color ; _c19 x 13 cm |
||
| 490 |
_aSerie Morada / Cuento ; _v+ 8 |
||
| 500 | _aIncluye índice, datos del autor al final de la obra y comentario de la misma en la contraportada | ||
| 653 | 7 | _a Cuentos infantiles dominicanos | |
| 653 | 7 | _aInclusión - Cuentos infantiles dominicanos | |
| 653 | 7 | _aValores - Cuentos infantiles dominicanos | |
| 653 | 7 | _aLiteratura infantil dominicana | |
| 700 | 1 | 0 |
_aRead Escobal, Virginia, _d1963- _953433 _eprologuista |
| 700 | 1 | 0 |
_aLlibre, Claudia _9115216 _edirector editorial |
| 700 | 1 | 0 |
_aKelly Santana, Moisés _9115217 _edirector de arte _eproducción |
| 700 | 1 | 0 |
_aSalcedo Fernández, Lilian _9115218 _esubdirector de arte |
| 700 | 1 | 0 |
_aZamora, Jorge Luis _9155167 _eeditor |
| 700 | 0 |
_aGonzález Gutiérrez, Mirtha, _d1959- _ecorrector de estilo _957813 |
|
| 700 | 1 | 0 |
_aGómez Otaño, Ana _9115219 _ediagramador |
| 942 |
_2ddc _cBK |
||
| 999 |
_c114018 _d114018 |
||